¿Es acaso un delirio reclamar la aplicación de la mediación a la materia concursal? (Registro nro. 21313)

Detalles MARC
000 -LEADER
fixed length control field 00377 a2200109 4500
001 - CONTROL NUMBER
control field ART_49612
005 - DATE AND TIME OF LATEST TRANSACTION
control field 20260410161809.0
008 - FIXED-LENGTH DATA ELEMENTS--GENERAL INFORMATION
fixed length control field 260409a
100 1# - MAIN ENTRY--PERSONAL NAME
Personal name Lorente, Javier A.
245 10 - TITLE STATEMENT
Title ¿Es acaso un delirio reclamar la aplicación de la mediación a la materia concursal?
773 0# - HOST ITEM ENTRY
Title Doctrina Societaria y Concursal
Related parts - N° 382 (sep. 2019)
Record control number REV4298

No hay ítems disponibles.